• 首页
  • 本馆介绍
  • 公告通知
  • 最新文献
  • 馆藏检索
  • 电子资源
  • 读者导购
  • 参考咨询
  • 我的图书馆
  • 登录
  • 详细信息显示
  • 放入我的书架
  • 预约/预借图书
  • 作者相关作品
  • 分类相关作品
  • 丛书相关作品
  • 出版社相关作品

书目信息

  • 表格格式
  • 工作单格式
  • 卡片格式
题名:
做人必备美德书
    
 
作者: 童辉 主编
分册:  
出版信息: 北京   外文出版社  2013.08
页数: 10,426页
开本: 29cm
丛书名:
单 册:
中图分类: G416
科图分类:
主题词: 品德教育--通俗读物 , 品德教育
电子资源:
ISBN: 978-7-119-08422-0
000 00784nam0 2200253 450
001 0100101128090
005 20140611150155.53
010    @a978-7-119-08422-0@dCNY59.00
100    @a20130903d2013 em y0chiy0110 ea
101 0  @achi
102    @aCN@b110000
105    @ay z 000yy
106    @ar
200 1  @a做人必备美德书@9zuo ren bi bei mei de shu@f童辉主编
210    @a北京@c外文出版社@d2013.08
215    @a10,426页@d29cm
330    @a本书精心选取了数百篇具有代表性的美德故事,分别从坚强乐观、诚实守信、自律自立、勇敢自信、勤奋、宽容、爱、责任等十二个方面来编写。
333    @a一般读物
606 0  @a品德教育@j通俗读物
606 0  @a品德教育
690    @aG416@v5
701  0 @a童辉@9tong hui@4主编
801  0 @aCN@b人天书店@c20130903
905    @b845445-47@dG416@e45@f3
    
    做人必备美德书/童辉主编.-北京:外文出版社,2013.08
    10,426页;29cm
    使用对象:一般读物
    
    ISBN 978-7-119-08422-0:CNY59.00
    本书精心选取了数百篇具有代表性的美德故事,分别从坚强乐观、诚实守信、自律自立、勇敢自信、勤奋、宽容、爱、责任等十二个方面来编写。
●
相关链接 在E读中查询图书 在五车中查询图书 在当当中查询图书 在豆瓣中查询图书


正题名:做人必备美德书     索取号:G416/45         预约/预借

序号 登录号 条形码 馆藏地/架位号 状态 备注
1 845445   208454457   第一样本阅览室/ [索取号:G416/45] 在馆    
2 845446   208454466   第四借阅区/ [索取号:G416/45] 在馆    
3 845447   208454475   第四借阅区/ [索取号:G416/45] 在馆    
唐山师范学院图书馆 欢迎您!
大连网信软件有限公司© 版权所有